| 000 | 01223nam a22002657a 4500 | ||
|---|---|---|---|
| 005 | 2010080706396.0 | ||
| 010 | _aHIN-90059 | ||
| 020 |
_c395.00 _a8174876154 |
||
| 020 |
_c395.00 _a9788174876157 |
||
| 035 | _aHN-62405 | ||
| 037 | _bDBAD / PUB | ||
| 082 | _a354.470 954 | ||
| 100 |
_aउपाध्याय, अजय _98658 |
||
| 245 |
_aनाभिकीय भारत: _cअजय उपाध्याय _bपरमाणु करार का यथार्थ / |
||
| 246 |
_aNabhikiya Bharat _bby Ajay Upadhyaya |
||
| 260 |
_aनई दिल्ली _bराधा पब्लिकेशन्स _c2009 |
||
| 270 |
_a4231/1, अंसारी रोड़, दरियागंज _bनई दिल्ली _e110002 _k011-23247003, 23254306 |
||
| 300 |
_a198पृ _c22सेमी (सजिल्द) |
||
| 500 | _aसन्दर्भ-ग्रन्थ | ||
| 700 | _97228 | ||
| 700 | _97267 | ||
| 700 | _97698 | ||
| 942 |
_adpl _cHN _k _2ddc _mउपाध्या _h354.470 954 |
||
| 999 |
_c40105 _d40105 |
||